Písané na sude

Bibliographic Details
Main Author: Smrek, Ján, 1898-1982 (Author)
Format: Book
Language:Slovak
PhysicalDescription:15 s. ilustr. 21 cm
Published: Bratislava Elán 1996
ISBN:8096764608
Subjects:

MARC

LEADER 00000cam a2200000 a 4500
001 vtls001322778
003 SK-MaSNL
005 20260301005452.0
008 240226s1996 xo a g 000 p slo
015 |a SNBA1998/06-02072 
020 |a 8096764608  |q (brož.) 
035 |a SNK000275460 
035 |a urn:nbn:sk:snk-amkuu4 
035 |a urn:nbn:sk:snk-am004fcw 
035 |a 8E3046F2-E2EA-4959-BCB7-65DB753710A1 
040 |a SNK  |b slo  |c SNK  |e AACR2 
041 0 |a slo 
044 |a xo  |c SK 
080 |a 885.4-1  |2 1981 
100 1 |a Smrek, Ján,  |d 1898-1982  |4 aut  |9 106970 
245 1 0 |a Písané na sude  |c Ján Smrek 
260 |a Bratislava  |b Elán  |c 1996 
300 |a 15 s.  |b ilustr.  |c 21 cm 
500 |a Ilustr. na tit. strane 
650 0 7 |a slovenská literatúra  |2 SNKPH  |9 1115 
655 7 |a slovenská poézia  |2 SNKPH  |9 70444 
919 |a 80-967646-0-8 
954 |a beletria pôvodná (slovenská)  |2 lita 
958 |a TL 
958 |a LX 
958 |a BQ 
999 |c 545261  |d 547191 
952 |a SNK  |b SNK  |y PREZ  |7 0  |p 17A0125576  |o snkSD 69296  |i snkKSP 2162/98  |0 0  |1 0  |4 0  |d 1998-03-03  |l 0  |r 2005-01-02 00:00:00  |w 2026-02-23 
952 |a SNK  |b SNK  |y VYP  |7 0  |p 17A0125575  |o snkSD 69296 D1  |i snkKSP 2163/98  |0 0  |1 0  |4 0  |d 1998-03-03  |f 1  |l 0  |r 2005-01-02 00:00:00  |w 2026-02-23